Let's be cynical (Record no. 64073)

MARC details
000 -LEADER
fixed length control field 00771cam a2200193 4500
001 - CONTROL NUMBER
control field ABS62557
008 - FIXED-LENGTH DATA ELEMENTS--GENERAL INFORMATION
fixed length control field 000000n2000 000 0 eng u
035 ## - SYSTEM CONTROL NUMBER
System control number (Sirsi) u107184
100 ## - MAIN ENTRY--PERSONAL NAME
Personal name Parisotti, M.
245 ## - TITLE STATEMENT
Title Let's be cynical
260 ## - PUBLICATION, DISTRIBUTION, ETC.
Date of publication, distribution, etc. 2000
490 ## - SERIES STATEMENT
Series statement Building
Volume/sequential designation 265(8143) 30 June 2000, 58(1)
520 ## - SUMMARY, ETC.
Summary, etc. Discusses how partnering agreements are gaining legal effect, and are developing content also. Argues that inclusion of terms such as an open-book policy, deletion of liquidated damages provisions, and share of profit and loss may sound good in theory, but are unworkable in practice.
590 ## - LOCAL NOTE (RLIN)
Local note ABS
650 ## - SUBJECT ADDED ENTRY--TOPICAL TERM
Topical term or geographic name entry element PARTNERING AGREEMENTS
650 ## - SUBJECT ADDED ENTRY--TOPICAL TERM
Topical term or geographic name entry element LIQUIDATED DAMAGES
690 ## - LOCAL SUBJECT ADDED ENTRY--TOPICAL TERM (OCLC, RLIN)
Topical term or geographic name as entry element BUILT ENVIRONMENT-BUILDING CONTRACT FORMS
942 ## - ADDED ENTRY ELEMENTS (KOHA)
Suppress in OPAC 0
Holdings
Withdrawn status Lost status Source of classification or shelving scheme Damaged status Not for loan Home library Current library Shelving location Date acquired Total Checkouts Full call number Barcode Date last seen Copy number Price effective from Koha item type
    Dewey Decimal Classification     London London Journal article 17/07/2000   ABS62557) 107184-1001 06/08/2019 1 06/08/2019 Journal article